Score 0/27 Timer 03:00
0 Plays Today
Clue 4-Letter Word % Correct
Exactly identicalSAME
97.1%
Another name for a kitchen basinSINK
95.5%
Of sound mindSANE
95.1%
Garment worn underneath the shoeSOCK
95%
Feeling under the weatherSICK
94.8%
A black birdCROW
93.8%
To expand in sizeGROW
93.6%
What someone does in the bathSOAK
91.6%
Karate moveCHOP
91.4%
To rise into the air, perhaps on wingsSOAR
90.7%
To emit light or radiationGLOW
90.1%
A harvest or a large batch of a particular produceCROP
90.1%
Someone who has finished school, for shortGRAD
89.9%
Pride, gluttony, avarice, e.g.SINS
88.9%
Clue 4-Letter Word % Correct
A store or short-hand for an auto-body service SHOP
88.9%
1/1000th of a kiloGRAM
88.2%
A score in soccer or a prospective achievementGOAL
86.6%
Absent of or withoutSANS
86.1%
Irish playwright George BernardSHAW
85.5%
•Everyday TV program with prizes: [rung 1] [rung 13]•
•A Las Vegas entertainer: [rung 13] [rung 27]•
•SHOW•
85%
Chinese dog breed, ___ PeiSHAR
84.9%
To tempt someone into actionGOAD
83.1%
1970s style of rock popularized by David BowieGLAM
81.3%
•Everyday TV program with prizes: [rung 1] [rung 13]••GAME•
80.4%
To attach onto somethingGLOM
77.1%
•A Las Vegas entertainer: [rung 13] [rung 27]••GIRL•
43.2%
German Electronic music pioneer RobertGÖRL
41.2%

Today's Daily Dose

Remove Ads.
Support Sporcle.
Get the best of Sporcle when you Go Orange. This ad-free experience offers more features, more stats, and more fun while also helping to support Sporcle. Thank you for becoming a member.

You're not logged in!

Compare scores with friends on all Sporcle quizzes.
OR
Log In

Show Comments

Extras

Top Quizzes Today


Score Distribution

Your Account Isn't Verified!

In order to create a playlist on Sporcle, you need to verify the email address you used during registration. Go to your Sporcle Settings to finish the process.

Report this User

Report this user for behavior that violates our Community Guidelines.

Details: